| 000 | 00550nam a2200193Ia 4500 | ||
|---|---|---|---|
| 999 |
_c15077 _d15077 |
||
| 003 | OSt | ||
| 005 | 20201113095426.0 | ||
| 008 | 190216s9999||||xx |||||||||||||| ||und|| | ||
| 020 | _a9788182090675 | ||
| 040 | _coclc | ||
| 082 |
_a428.1 _bIND/V |
||
| 100 |
_aIndra, C T _96556 |
||
| 245 | 4 |
_aThe Vocabulary Handbook : _bFor Competitive Examinations / _cC T Indra |
|
| 250 | _a1st Ed. | ||
| 260 |
_bVijay Nicoles, _c2004. _aTamil Nadu: |
||
| 300 | _a206p | ||
| 650 | _aEnglish | ||
| 942 |
_cBK _2ddc _h428.1 _iIND/V _k428.1 _mIND/V |
||